000 00857nas a2200253 4500
001 BR8300372
003 BR-BrBNA
005 20231205085413.0
007 ta
008 230509b bl.|||p| |||| 00| 00por d
040 _aBR-BrBNA
_bpor
_cBiblioteca Nacional de Agricultura
041 _a(Pt)
072 _aF40
100 1 _aMenandro, M. de S.
100 1 _aJesus, R.M. de
111 1 _aCongresso Nacional sobre Essencias Nativas
_cCampos do Jordao, SP (Brazil)
_d12 Sep 1982
245 1 _aEstudo das fenofases em essencias florestais nativas
246 1 _a[Study of the phenophases in native forest species]
650 _aFENOLOGIA
650 _aESSENCIA FLORESTAL
773 0 _tSilvicultura em Sao Paulo (Brazil)
_xISSN 0583-3132
_g(1982), v. 16-A(pt. 1) p. 257-262
_wBR8300372
909 _a202311
_bLúcia
_c55
_dLúcia Elande
942 _2AGRIS
_n0
_cANA
999 _c111230
_d111230